Estabilización química de materiales para estructuras de pavimentos por medio de enzimas, cal y cemento
Enregistré dans:
| Auteur principal: | |
|---|---|
| Format: | Livre |
| Publié: |
San José, C.R.
1999
|
| Sujets: | |
| Tags: |
Ajouter un tag
Pas de tags, Soyez le premier à ajouter un tag!
|
MARC
| LEADER | 00000nam a2200000Ia 4500 | ||
|---|---|---|---|
| 003 | 008256 | ||
| 005 | 20221231144215.0 | ||
| 008 | 140114s1999 cr a m 000 ||s d | ||
| 040 | |c cru CEDI | ||
| 090 | |a TFG 4040 | ||
| 100 | |a García Chacón, Randall |9 8547 | ||
| 245 | |a Estabilización química de materiales para estructuras de pavimentos por medio de enzimas, cal y cemento | ||
| 260 | |c 1999 |a San José, C.R. | ||
| 300 | |a 112 páginas : ilustraciones (algunas a color) | ||
| 500 | |a Proyecto de graduación (licenciatura en ingeniería civil)--Universidad de Costa Rica. Facultad de Ingeniería. Escuela de Ingeniería Civil | ||
| 650 | |x PAVIMENTOS - ANALISIS |x ENSAYOS DE MATERIALES |x MATERIALES PARA CARRETERAS - CONTROL DE CALIDAD |x PAVIMENTOS - PRUEBAS |9 8548 | ||
| 942 | |c TFG | ||
| 999 | |c 18438 |d 18438 | ||
